UITU Library & LRC     

A Modern Approach to Verbal and Non-Verbal Reasoning (Record no. 17321)

MARC details
000 -LEADER
fixed length control field 00498nam a2200181Ia 4500
008 - FIXED-LENGTH DATA ELEMENTS--GENERAL INFORMATION
fixed length control field 240925s9999 xx 000 0 und d
020 ## - INTERNATIONAL STANDARD BOOK NUMBER
International Standard Book Number 9789352535316
082 ## - DEWEY DECIMAL CLASSIFICATION NUMBER
Classification number 160 AGG
100 ## - MAIN ENTRY--PERSONAL NAME
Personal name Aggarwal, R. S.
245 #2 - TITLE STATEMENT
Title A Modern Approach to Verbal and Non-Verbal Reasoning
250 ## - EDITION STATEMENT
Edition statement NA
260 ## - PUBLICATION, DISTRIBUTION, ETC.
Place of publication, distribution, etc. New Delhi:
Name of publisher, distributor, etc. S. Chand & Company LTD
Date of publication, distribution, etc. ,1994.
300 ## - PHYSICAL DESCRIPTION
Extent 247p.
Other physical details 0
Type of unit Original
500 ## - GENERAL NOTE
General note Includes Index
600 ## - SUBJECT ADDED ENTRY--PERSONAL NAME
Personal name Humanities & Natural Science
650 ## - SUBJECT ADDED ENTRY--TOPICAL TERM
Topical term or geographic name entry element Philosophy
942 ## - ADDED ENTRY ELEMENTS (KOHA)
Koha item type Books
Holdings
Withdrawn status Lost status Damaged status Not for loan Collection Home library Current library Date acquired Source of acquisition Cost, normal purchase price Total checkouts Full call number Barcode Date last seen Price effective from Koha item type
        Humanities & Basic Sciences UITU Library UITU Library 06/26/2019 Allied Book Company 665.60   160 AGG Q14822 09/25/2024   Books

Powered by Koha